London Boroughs Quiz Stats

 Plays Quiz Updated May 11, 2018

Score 0/33 Timer 10:00
2 Plays Today
% Correct
City of Westminster
73.7%
City of London
70.7%
Camden
60%
Islington
57.3%
Croydon
56.3%
Kensington And Chelsea
55.4%
Greenwich
54.2%
Southwark
53.8%
Hackney
52.9%
Tower Hamlets
52.1%
Lambeth
51.3%
Ealing
49%
Richmond Upon Thames
48.8%
Brent
48.6%
Barnet
48.2%
Bromley
48.2%
Harrow
47.1%
% Correct
Kingston Upon Thames
46.8%
Enfield
45.6%
Lewisham
45.2%
Hammersmith And Fulham
43.2%
Hounslow
42.7%
Wandsworth
42%
Sutton
41.8%
Haringey
40.9%
Merton
39.4%
Hillingdon
38.6%
Redbridge
38.6%
Bexley
38.6%
Newham
37.6%
Barking And Dagenham
35.3%
Waltham Forest
34.6%
Havering
32.9%

You're not logged in!

Compare scores with friends on all Sporcle quizzes.
OR
Log In

Sporcle TV

Today on Sporcle TV


Watch our educational content, quiz creation guides, and fun videos on Sporcle TV.

Show Comments

Extras

Top Quizzes Today


Score Distribution

Your Account Isn't Verified!

In order to create a playlist on Sporcle, you need to verify the email address you used during registration. Go to your Sporcle Settings to finish the process.

Report this User

Report this user for behavior that violates our Community Guidelines.

Details: